Viackriteriálne hodnotenie a riadenie výkonnosti podniku dizertačná práca
Uložené v:
| Hlavný autor: | |
|---|---|
| Korporativný autor: | |
| Ďalší autori: | |
| Médium: | Kniha |
| Jazyk: | Slovak |
| Vydavateľské údaje: |
Košice
2024
|
| Predmet: | |
| Tagy: |
Žiadne tagy, Buďte prvý, kto otaguje tento záznam!
|
MARC
| LEADER | 00000nbm a2200000 4500 | ||
|---|---|---|---|
| 001 | 0303010 | ||
| 005 | 20240806090613.6 | ||
| 041 | 0 | |a slo | |
| 044 | |a SK | ||
| 245 | 1 | 0 | |a Viackriteriálne hodnotenie a riadenie výkonnosti podniku |b dizertačná práca |c Miroslava Barkóciová ; školiteľ: Bohuslava Mihalčová |
| 264 | 1 | |a Košice |c 2024 | |
| 300 | |a 95 s. | ||
| 610 | 2 | 0 | |a výkonnosť podniku |
| 610 | 2 | 0 | |a riadenie výkonov |
| 610 | 2 | 0 | |a hodnotenie |
| 610 | 2 | 0 | |a podnik stavebný |
| 100 | 1 | |a Barkóciová, Miroslava | |
| 700 | 1 | |a Mihalčová, Bohuslava, 1963- | |
| 710 | 2 | |a Ekonomická univerzita v Bratislave. Podnikovohospodárska fakulta so sídlom v Košiciach | |